000
00301nam a2200097Ia 4500
008
241105s9999 xx 000 0 und d
041
_a
eng
100
_a
Kolhe Sayali
_9
184205
245
_a
An Abode Of Hillscapes In Urban Fringe Of Nashik City
260
_b
BNCA M Arch Landscapes Architecture, Pune
_c
2021
999
_c
362048
_d
362048